[Event "45th FIDE Chess Olympiad Open"]
[Site "Budapest, Hungary"]
[Date "2024.09.13"]
[Round "3.96"]
[White "Miezis, Normunds"]
[Black "Castro Torres, Jose Luis"]
[Result "1/2-1/2"]
[WhiteElo "2417"]
[BlackElo "2299"]
[PlyCount "199"]
[EventDate "2024.??.??"]
[WhiteTeam "Latvia"]
[BlackTeam "Venezuela"]
[WhiteTeamCountry "LAT"]
[BlackTeamCountry "VEN"]
[WhiteClock "0:04:25"]
[BlackClock "0:04:33"]

1. c4 e6 2. Nf3 Nf6 3. e3 d5 4. Nc3 Be7 5. b3 O-O 6. Bb2 b6 7. cxd5 Nxd5 8. Qc2 Bb7 9. h4 Nxc3 10. dxc3 Bxf3 11. gxf3 Bf6 $146 ({RR} 11... Nd7 12. O-O-O Qc8 13. Bd3 h6 14. Rhg1 Bf6 15. c4 Bxb2+ 16. Qxb2 f6 17. Qd4 Rf7 18. Bg6 Re7 19. Qf4 e5 20. Qg4 Nf8 21. Bf5 Qa6 22. Kb2 b5 23. Qe4 Rb8 24. Qd5+ Kh8 25. cxb5 Qxb5 26. Qxb5 {Heberla,B (2539)-Musial,T (2171) Katowice POL 2024 1-0 (37)}) 12. Bd3 h6 13. O-O-O Qe7 14. Be4 c6 15. Qe2 Rc8 16. h5 Nd7 17. Bc2 Nf8 18. f4 a5 19. Kb1 a4 20. Rhg1 axb3 21. Bxb3 b5 22. e4 e5 23. fxe5 Bxe5 24. f4 Bxf4 25. Rdf1 Be5 26. Rxf7 Qxf7 27. Bxf7+ Kxf7 28. c4 Bxb2 29. Qxb2 Ne6 30. Rg6 Rf8 31. Qe5 Rae8 32. cxb5 cxb5 33. Kb2 Re7 34. Qxb5 Kg8 35. Qd5 Rfe8 36. Rg3 Kh8 37. e5 Rd8 38. Qa5 Rde8 39. Re3 Rb8+ 40. Rb3 Rbe8 41. Rb4 Ng5 42. Rb5 Nf3 43. a4 Nxe5 44. Qc3 Nd7 45. Qd4 Re2+ 46. Ka3 Ne5 47. Rb3 Rd2 48. Qc3 Rd5 49. Qc7 Rdd8 50. Rc3 Rd7 51. Qc5 Rd1 52. Qb5 Rdd8 53. a5 Rb8 54. Qd5 Rbd8 55. Qb7 Rd7 56. Qb5 Rdd8 57. a6 Rb8 58. Qd5 Ra8 59. Qd6 Nf7 60. Qb6 Reb8 61. Qe6 Ne5 62. Rc7 Re8 63. Qb6 Reb8 64. Qd6 Rd8 65. Qxe5 Rxa6+ 66. Kb4 Rg8 67. Rf7 Raa8 68. Re7 Ra6 69. Rf7 Raa8 70. Kb5 Rgb8+ 71. Kc6 Rc8+ 72. Kb7 Rg8 73. Re7 Raf8 74. Kc7 Rf6 75. Kd7 Rgf8 76. Qg3 R8f7 77. Qb8+ Kh7 78. Rxf7 Rxf7+ 79. Ke6 Rf1 80. Qb5 Rf3 81. Qb1+ Kh8 82. Qe4 Rf8 83. Ke7 Rf6 84. Qa8+ Kh7 85. Qd8 Rf3 86. Qa8 Rf4 87. Qg2 Rf6 88. Qb2 Kg8 89. Qb3+ Kh8 90. Qb8+ Kh7 91. Qe8 Rf2 92. Qc6 Re2+ 93. Kf7 Rf2+ 94. Ke7 Re2+ 95. Kd7 Rd2+ 96. Kc7 Rf2 97. Qe4+ Kh8 98. Qe8+ Kh7 99. Qg6+ Kh8 100. Qe8+ 1/2-1/2

[Event "45th FIDE Chess Olympiad Open"]
[Site "Budapest, Hungary"]
[Date "2024.09.13"]
[Round "3.97"]
[White "Tin, Jingyao"]
[Black "Khusenkhojaev, Mustafokhuja"]
[Result "1-0"]
[WhiteElo "2580"]
[BlackElo "2283"]
[PlyCount "71"]
[EventDate "2024.??.??"]
[WhiteTeam "Singapore"]
[BlackTeam "Tajikistan"]
[WhiteTeamCountry "SIN"]
[BlackTeamCountry "TJK"]
[WhiteClock "0:14:12"]
[BlackClock "0:03:23"]

1. e4 e5 2. Nf3 Nc6 3. Bc4 Bc5 4. d3 Nf6 5. O-O O-O 6. h3 h6 7. Nbd2 d6 8. c3 a5 9. Re1 Be6 10. Bb5 ({RR} 10. Bxe6 fxe6 11. Nf1 a4 12. Rb1 b5 13. Be3 Bxe3 14. Rxe3 Qe8 15. d4 Nd7 16. Qe2 Rb8 17. Rd1 Na5 18. b3 axb3 19. axb3 b4 20. dxe5 Nxe5 21. Nxe5 dxe5 22. Nd2 Nc6 23. Nf3 bxc3 24. Rxc3 Rb4 {Carlsen,M (2832)-Esipenko,A (2671) chess.com INT 2024 1-0 (34)}) 10... Qb8 ({RR} 10... Ba7 11. Nf1 Ne7 12. d4 Ng6 13. Ng3 c6 14. Bd3 Re8 15. Be3 Bb8 16. Bc2 Bc7 17. a4 Qc8 18. Qd2 Kh7 19. Rad1 b5 20. axb5 cxb5 21. Nf5 Ng8 22. g4 Nf8 23. Kh1 a4 24. N3h4 Bb3 25. Bxb3 {Buksa,N (2383)-Berend,E (2256) Chartres FRA 2024 1-0 (62)}) 11. Nh4 $146 ({RR} 11. Nf1 Qa7 12. Be3 Bxe3 13. Nxe3 Qb6 14. a4 Ne7 15. Bc4 Bxc4 16. Nxc4 Qa6 17. b3 Ng6 18. Qc2 Rfe8 19. d4 exd4 20. Nxd4 Ne5 21. Nxe5 dxe5 22. Nf5 Rad8 23. Rad1 Qe6 24. c4 c5 25. Rxd8 Rxd8 {Korneev,O (2511)-Santos Latasa,J (2591) Linares 2019 ½-½ (45)}) ({RR} 11. Nf1 Qa7 12. Be3 Bxe3 13. Rxe3 Qb6 14. Ba4 Ne7 15. Qc1 Ng6 16. d4 c6 17. dxe5 dxe5 18. N1d2 Rad8 19. Bb3 Rfe8 20. Qc2 Qc7 21. a4 Nf4 22. Bxe6 Rxe6 23. Nc4 Ree8 24. Kh2 Nd7 25. g3 Ng6 {Stojkovska,M (2106)-Georgescu,L (2276) Chess.com INT 2020 ½-½ (44)}) ({RR} 11. Nf1 Qa7 12. Re2 Rad8 13. Ng3 Ne7 14. d4 Bb6 15. Be3 Ng6 16. Qc1 Kh7 17. Nf5 Ng8 18. Bd3 f6 19. g4 N6e7 20. Qc2 Qb8 21. Nd2 g6 22. Nxe7 Nxe7 23. Nc4 Ba7 24. Nxa5 g5 25. d5 Bd7 {Trifan,A (2290)-Gharibyan,M (2314) Porto Carras 2018 0-1 (66)}) 11... Ne7 12. Bc4 b5 13. Bxe6 fxe6 14. Nf1 a4 15. d4 exd4 16. cxd4 Bb6 17. Ng3 Qe8 18. Be3 Ng6 19. Nf3 Ba5 20. Bd2 Bb6 21. Rc1 e5 22. Be3 Ba5 23. Re2 Nd7 24. Rec2 Kh7 25. Nf5 Rf7 26. Ng5+ Kg8 27. Nxf7 Qxf7 28. Bxh6 Ne7 29. Nxe7+ Qxe7 30. Be3 Nf6 31. dxe5 Qxe5 32. Bd4 Qxe4 33. Bxf6 gxf6 34. Qh5 Qe5 35. Qg6+ Kh8 36. Rxc7 1-0

[Event "45th FIDE Chess Olympiad Open"]
[Site "Budapest, Hungary"]
[Date "2024.09.13"]
[Round "3.98"]
[White "Karimov, Alisher"]
[Black "Siddharth, Jagadeesh"]
[Result "1-0"]
[WhiteElo "2240"]
[BlackElo "2514"]
[PlyCount "135"]
[EventDate "2024.??.??"]
[WhiteTeam "Tajikistan"]
[BlackTeam "Singapore"]
[WhiteTeamCountry "TJK"]
[BlackTeamCountry "SIN"]
[WhiteClock "0:09:27"]
[BlackClock "0:04:46"]

1. d4 {Ribli,Zoltan Ribli,Zoltan} g6 2. c4 Bg7 3. Nf3 d6 4. Nc3 ({RR} 4. e4 Bg4 5. Be2 Nc6 6. Be3 e5) 4... c5 5. dxc5 ({RR} 5. d5 Bxc3+ 6. bxc3 f5 ({RR} 6... Qa5 7. Qb3 Nf6 8. Nd2 Nbd7 9. e4 Rb8 10. a4 a6 11. Qc2 e5 12. Be2 O-O 13. Ra3 Ne8 14. Nf1 f5 15. Bh6 Ng7 16. exf5 Rxf5 17. Ng3) 7. h4 Nf6 ({RR} 7... Qa5 8. Bd2 Nf6 9. h5 Nxh5 10. Rxh5 gxh5 11. e4 Nd7 12. exf5 Nf6 13. Bd3 Bd7 14. Ng5 Rg8 15. Nxh7 O-O-O) 8. Bh6 Rg8 9. e3 Qa5 10. Qc2 Nbd7 11. Bd3 Nb6 12. Nd2 Na4 13. Rc1 Bd7 14. O-O Ng4 15. Bf4 O-O-O 16. f3 Ne5 17. Be2 Nf7 18. Bg3 e5 19. dxe6 Bxe6) ({RR} 5. e4) ({RR} 5. e4 Qa5 6. d5 Bxc3+ 7. bxc3 Nf6 8. Qc2 Nxe4 9. Bd3 Nf6 10. O-O O-O 11. Bg5 Nbd7 12. Rfe1 Re8 13. Re3) ({RR} 5. d5) 5... Bxc3+ ({RR} 5... dxc5 6. Qxd8+ Kxd8 7. Bd2 ({RR} 7. Bf4 Bxc3+ 8. bxc3 Nc6 9. g3 Be6 10. Bg2 Na5 11. Rd1+ Ke8 12. Bc7 b6 13. Ng5 Rc8 14. Be5 Nf6 15. Ne4 Nxe4 16. Bxh8 Nd6) 7... Bd7 8. g3 Nc6 9. Bg2 Rc8 10. O-O b6 11. Rfd1 Ke8 12. Rac1 Nd4 13. Nxd4 cxd4 14. Nd5 e6 15. Nb4 Ne7 16. b3) 6. bxc3 dxc5 7. Qxd8+ ({RR} 7. Qc2 Nc6 8. h3 e5 9. e4 Qe7 10. Be3 b6 11. Be2 Bb7 12. Rd1 Nf6 13. Bg5 Na5 14. O-O h6 15. Bh4 g5 16. Bg3 Bxe4 17. Qc1 Bxf3 18. Bxf3 e4 19. Rfe1 Rd8) 7... Kxd8 8. Ne5 ({RR} 8. Bf4 f6 9. O-O-O+ Bd7 10. e4 Nc6 11. e5 Kc8 12. exf6 Nxf6 13. Bd3 Nh5 14. Be3 b6 15. Rhe1 Kc7 16. Be4 Rad8 17. Rxd7+ Kxd7 18. g4 Nf6 19. Bc2 Nxg4 20. Ba4 Rhf8 21. Ng5 Nxe3 22. fxe3 Rf6 {Manukyan,S (2224)-Boyer,M (2455) chess.com INT 2024 0-1 (37)}) ({RR} 8. g3 Nf6 ({RR} 8... Nc6 9. Bg2 Nf6 10. Be3 Nd7 11. O-O ({RR} 11. O-O-O Ke8 ({RR} 11... Kc7 12. Bf4+ e5 13. Bh6)) 11... f6 12. Rfd1 Kc7) 9. Bg2 ({RR} 9. Ne5 Ke8 10. Bg2) 9... Ne4 10. Ne5 Nd6 11. Be3 Na6 12. Bd5 f6 13. Nd3 e6 14. Bg2 Nxc4 15. Bxc5 Nxc5 16. Nxc5 Rb8) ({RR} 8. Ng5) 8... Be6 9. g3 Nd7 ({RR} 9... f6 10. Bg2 Kc7 ({RR} 10... Kc8 11. Rb1) 11. Rb1) 10. Nxd7 ({RR} 10. Bf4 Nxe5 11. Bxe5 f6) 10... Bxd7 $146 ({RR} 10... Kxd7 11. Bg2 Bxc4 ({RR} 11... Bxc4) ({RR} 11... Nf6 12. Rb1 ({RR} 12. Bxb7 Rab8 13. Ba6 Ne4) 12... b6 13. Bxa8 Rxa8) 12. Rb1 ({RR} 12. Rb1 Ba6 ({RR} 12... Nf6 13. Rxb7+ Kd6 14. e4 e5 15. Bg5 Nd7) 13. Be3 ({RR} 13. Bxb7 Bxb7 14. Rxb7+ Kc6) 13... Rc8 14. Bxb7 Bxb7 15. Rxb7+ Rc7 16. Rb8) 12... Ba6 13. Be3 Nf6 14. Bxb7 Bxb7 15. Rxb7+ Kd6 16. O-O Nd5 17. c4 Kc6 18. Rfb1 Nxe3 19. fxe3 Rhe8 20. a4 f5 21. a5 h5 22. Kf2 g5 23. e4 f4 24. gxf4 gxf4 25. e5 {Lenderman,A (2573)-Leskovar,M (2292) Chess.com INT 2017 1-0}) ({RR} 10... Kxd7 11. Bg2 Nf6 12. Rb1 ({RR} 12. Bxb7 Rab8 ({RR} 12... Bxc4 13. Bxa8 Rxa8) 13. Ba6 Ne4) 12... b6 ({RR} 12... Rab8 13. Bf4) 13. Bxa8 Rxa8 14. f3 Ne8 15. Bf4 Bxc4 16. Rb2 Kc6 17. Rd2 ({RR} 17. Kf2 Nd6) 17... Nd6 18. Bxd6 ({RR} 18. Kf2) 18... exd6 19. Kf2 ({RR} 19. e4 f5 20. exf5 gxf5) 19... d5 20. e4 dxe4 21. fxe4 Re8 22. Re1 Be6 23. Kf3 ({RR} 23. Rb2 Rd8 24. Ree2) ({RR} 23. Rb1 Bg4 24. Re1 Kb5) 23... Kb5 24. Kf4 Kc4 25. Re3 {Bacrot,E (2594)-Topalov,V (2702) Sarajevo 2000 CBM 077 [Ribli,Zoltan] 0-1 (33)} {RR} f6 26. Red3 ({RR} 26. e5 g5+ 27. Kf3 fxe5) 26... g5+ 27. Kf3 f5) ({RR} 10... Kxd7 11. Bg2 Bxc4 12. Be3 Nf6 13. O-O-O+ ({RR} 13. Bxc5 Bd5 14. O-O-O Kc6 15. Bxe7 ({RR} 15. Bxd5+ Nxd5 16. Bd4 Rhd8) 15... Bxg2 16. Bxf6 Bxh1 17. Bxh8 Bd5) 13... Kc7 14. Bxc5 Rhe8 15. Rd2 Rac8 ({RR} 15... a6 16. Rhd1 Rac8 17. f4 Kb8 18. Bb6) 16. Bxa7 Ra8 ({RR} 16... b6 17. Rb2 Nd7 18. Rd1) 17. Bd4 e5 ({RR} 17... Rxa2 18. Be5+ Kb6 19. Rxa2 Bxa2 20. Rd1) 18. Bc5 Rxa2 19. Bd6+ ({RR} 19. Rxa2 Bxa2 20. Rd1 e4) 19... Kc8 ({RR} 19... Kb6 20. Rxa2 Bxa2 21. Rd1 Bc4) 20. Bh3+ Nd7 ({RR} 20... Be6 21. Rxa2) 21. Rxa2 Bxa2 22. Rd1 Bb3 ({RR} 22... Be6) 23. Rd2 Be6 24. Bg2 Nb6 25. Bb4 {Chabanon,J (2498)-Degraeve,J (2541) Aix les Bains 2003 CBM 097 [Ribli,Zoltan] 0-1 (40)} ({RR} 25. Bxe5 Nc4 26. Bf6 Nxd2 27. Kxd2)) ({RR} 10... Kxd7 11. Bg2 Bxc4 12. Rb1 Ba6 13. Be3 Rc8 14. Bxb7 Bxb7 15. Rxb7+ Rc7 16. Rb8 Rc8 17. Rxc8 Kxc8 18. Bxc5 Nf6 19. Bxe7 Nd5 20. Bc5 Kd7 21. Kd2 Rb8 22. Kc2 Rb5 23. Bd4 Ra5 24. Ra1 Kc6 25. a4 {Ulybin,M (2576)-Belkhodja,S (2506) Dubai 2002 1-0}) 11. Bg2 Bc6 12. Bxc6 bxc6 13. Be3 Nf6 14. Bxc5 Ne4 15. Be3 f6 16. O-O-O+ Kc7 17. Rd3 Rhd8 18. Rhd1 Rxd3 19. exd3 Nxc3 20. Re1 Nxa2+ 21. Kb2 Nb4 22. Kc3 a5 23. Bc5 e5 24. f4 Rd8 25. Re3 Na6 26. Be7 Rd7 27. Bxf6 exf4 28. Be5+ Kb7 29. Bxf4 c5 30. Re6 Nb4 31. Rd6 Kc8 32. d4 cxd4+ 33. Kxd4 Nc2+ 34. Kc3 Rxd6 35. Bxd6 Ne3 36. Bf4 Ng4 37. h4 Kd7 38. Kd4 Kc6 39. Bg5 a4 40. Kc3 Nf2 41. Kb4 Ne4 42. Bf4 h6 43. Bxh6 Nxg3 44. Kxa4 Kc5 45. Kb3 Nf5 46. Bg5 Nd4+ 47. Kc3 Nf5 48. Kd3 Kb4 49. Bd2+ Kc5 50. Be3+ Kd6 51. Bf2 Kc6 52. Ke4 Nd6+ 53. Kd4 Nf5+ 54. Kd3 Nd6 55. Kd4 Nf5+ 56. Ke4 Nd6+ 57. Ke5 Nxc4+ 58. Kf6 Kd7 59. Kxg6 Ne5+ 60. Kf5 Nf3 61. h5 Ke7 62. Kg6 Ne5+ 63. Kg7 Ng4 64. Bd4 Ke8 65. Kg6 Kf8 66. Kg5 Nh2 67. h6 Nf3+ 68. Kg6 1-0

[Event "45th FIDE Chess Olympiad Open"]
[Site "Budapest, Hungary"]
[Date "2024.09.13"]
[Round "3.99"]
[White "Wong, Zhenyong Jayden"]
[Black "Ilkhomi, Jaloliddin"]
[Result "1-0"]
[WhiteElo "2397"]
[BlackElo "2227"]
[PlyCount "65"]
[EventDate "2024.??.??"]
[WhiteTeam "Singapore"]
[BlackTeam "Tajikistan"]
[WhiteTeamCountry "SIN"]
[BlackTeamCountry "TJK"]
[WhiteClock "0:01:31"]
[BlackClock "0:00:34"]

1. d4 Nf6 2. c4 e6 3. Nc3 Bb4 4. e3 O-O 5. Bd3 Re8 6. Nge2 d5 7. O-O Nbd7 8. cxd5 exd5 9. Qb3 Bd6 10. Ng3 c6 11. Bd2 Nf8 12. Rae1 Ng4 $146 ({RR} 12... h5 13. Nf5 Bxf5 14. Bxf5 g6 15. Bd3 b5 16. e4 dxe4 17. Nxe4 Nxe4 18. Bxe4 Bxh2+ 19. Kxh2 Qh4+ 20. Kg1 Rxe4 21. Bg5 Qxg5 22. Rxe4 Ne6 23. Rd1 Rd8 24. Qc3 Qd5 25. Re5 Qd6 26. d5 Nf4 27. Rde1 {Bakhrillaev,B (2325)-Nechitaylo,N (2284) chess.com INT 2024 1-0 (31)}) 13. Be2 Qh4 14. Bxg4 Qxg4 15. e4 dxe4 16. Ngxe4 Qd7 17. d5 Be5 18. f4 Bxc3 19. Nxc3 Rxe1 20. Rxe1 b6 21. Rf1 Ba6 22. Rf2 Bb7 23. f5 cxd5 24. f6 Ne6 25. Ne2 Qd6 26. fxg7 Qe5 27. Qf3 Qxg7 28. Ng3 Nd4 29. Qd3 Qg4 30. h3 Qd1+ 31. Kh2 Ne6 32. Nf5 Qh5 33. g4 1-0

[Event "45th FIDE Chess Olympiad Open"]
[Site "Budapest, Hungary"]
[Date "2024.09.13"]
[Round "3.100"]
[White "Kabilov, Amin"]
[Black "Chia, Yu Zhe Ashton"]
[Result "1-0"]
[WhiteElo "2212"]
[BlackElo "2224"]
[PlyCount "193"]
[EventDate "2024.??.??"]
[WhiteTeam "Tajikistan"]
[BlackTeam "Singapore"]
[WhiteTeamCountry "TJK"]
[BlackTeamCountry "SIN"]
[WhiteClock "0:01:45"]
[BlackClock "0:01:13"]

1. d4 e6 2. c4 f5 3. g3 Nf6 4. Bg2 Be7 5. Nf3 d5 6. O-O Ne4 7. b3 Nc6 8. Ba3 Bf6 9. e3 h5 10. Qc2 h4 11. Nc3 hxg3 12. fxg3 a5 $146 ({RR} 12... Qd7 13. Rac1 g5 14. cxd5 exd5 15. Nxe4 dxe4 16. Ne5 Nxe5 17. dxe5 Bxe5 18. Bb2 Bxb2 19. Qxb2 O-O 20. Qe5 c6 21. g4 Qe6 22. Rc5 b6 23. Qxe6+ Bxe6 24. Rxc6 Rae8 25. gxf5 Bxf5 26. Rd1 Re7 27. Rd5 {Molina,R (2373)-Williams,S (2450) chess.com INT 2024 0-1 (61)}) 13. Nb5 Bd7 14. cxd5 exd5 15. Ne5 Nxe5 16. Nxc7+ Kf7 17. dxe5 Rc8 18. Bxe4 Rxc7 19. Bxd5+ Kg6 20. Qb2 Bg5 21. Qf2 Rc3 22. Rae1 Qb6 23. e4 Qxf2+ 24. Rxf2 Be3 25. Rxe3 Rxe3 26. e6 Re1+ 27. Kg2 Bxe6 28. Bxe6 fxe4 29. Bf7+ Kh7 30. Bc4 Rd8 31. Bc5 e3 32. Re2 Rd2 33. Kf3 Rexe2 34. Bxe2 Rxa2 35. Bxe3 Rb2 36. Bd3+ Kh8 37. Bc4 Rxh2 38. Bb6 Ra2 39. Bb5 Kg8 40. Ke4 Kf7 41. b4 Ra3 42. bxa5 Rxg3 43. Bc4+ Ke7 44. Bd5 Kd6 45. Bxb7 Rb3 46. Ba8 Kd7 47. Bc5 Rb5 48. Bb6 g5 49. Kd4 Kc8 50. Bc6 Rb4+ 51. Kc5 Rb1 52. Bd5 Rd1 53. Be4 Re1 54. Bf5+ Kb8 55. Kc6 Rf1 56. Bg4 Rf6+ 57. Kb5 Rf4 58. Bd7 Rf7 59. Bh3 Rh7 60. Bg4 Rh4 61. Be6 Re4 62. Bb3 Re1 63. Ka6 g4 64. Bf2 Rb1 65. Bg3+ Kc8 66. Be6+ Kd8 67. Bxg4 Rg1 68. Bh4+ Kc7 69. Bf5 Kb8 70. Bf2 Rg5 71. Bd3 Rd5 72. Be4 Rd6+ 73. Kb5 Re6 74. Bd3 Re5+ 75. Bc5 Rd5 76. Bc4 Rd1 77. Ka6 Ka8 78. Be2 Rd6+ 79. Kb5 Rd2 80. Bf3+ Kb8 81. Kb6 Rd3 82. Bc6 Rb3+ 83. Ka6 Rd3 84. Bg1 Rh3 85. Bd4 Rb3 86. Be5+ Kc8 87. Ka7 Re3 88. Bf4 Re7+ 89. Ka8 Rf7 90. Bb8 Rf2 91. a6 Rb2 92. Bb7+ Kd8 93. Bg3 Rb3 94. Bf4 Rb4 95. Bd6 Rb6 96. Kb8 Rc6 97. Be7+ 1-0

[Event "45th FIDE Chess Olympiad Open"]
[Site "Budapest, Hungary"]
[Date "2024.09.13"]
[Round "3.101"]
[White "Araujo Sanchez, Josue"]
[Black "Stefansson, Vignir Vatnar"]
[Result "0-1"]
[WhiteElo "2296"]
[BlackElo "2531"]
[PlyCount "158"]
[EventDate "2024.??.??"]
[WhiteTeam "Dominican Republic"]
[BlackTeam "Iceland"]
[WhiteTeamCountry "DOM"]
[BlackTeamCountry "ISL"]
[WhiteClock "0:07:03"]
[BlackClock "0:23:56"]

1. Nf3 d5 2. d4 Nf6 3. c4 e6 4. Nc3 dxc4 5. e3 a6 6. a4 b6 7. Bxc4 Bb7 8. O-O Bb4 9. Qe2 O-O 10. Rd1 Qe7 11. Na2 Bd6 12. Nc3 Nbd7 13. e4 e5 14. Bg5 h6 $146 ({RR} 14... exd4 15. Nxd4 Bxe4 16. Ne6 fxe6 17. Nxe4 Ne5 18. Bb3 Rae8 19. Bxf6 gxf6 20. Nxd6 cxd6 21. f4 Nd7 22. f5 Nc5 23. Ba2 a5 24. fxe6 Kh8 25. Bd5 Rg8 26. Ra3 Rg5 27. Rf3 Nxe6 28. Qf2 Kg7 29. h4 {Piasetski,L (2151)-Krysa,L (2541) Montevideo URU 2024 ½-½ (76)}) 15. Bh4 c6 16. dxe5 Nxe5 17. Nd4 Nxc4 18. Qxc4 b5 19. Qd3 Be5 20. Nf5 Qc7 21. axb5 cxb5 22. Rac1 Qb6 23. Bg3 Rad8 24. Nd5 Qe6 25. Bxe5 Qxe5 26. f4 Qe6 27. Qg3 Nh5 28. Qg4 Bxd5 29. exd5 Qb6+ 30. Kh1 g6 31. Rc6 Qb7 32. Nxh6+ Kh8 33. f5 Rxd5 34. Rdc1 Rfd8 35. h3 Rd1+ 36. Rxd1 Rxd1+ 37. Qxd1 Qxc6 38. Nxf7+ Kg7 39. fxg6 Nf4 40. Qd4+ Qf6 41. Qd7 Nxg6 42. Nd6+ Kh8 43. Qc8+ Kh7 44. Qc7+ Kg8 45. Qc8+ Kh7 46. Qd7+ Kh8 47. Nf5 Ne5 48. Qe8+ Kh7 49. Qh5+ Kg8 50. Ne3 Qf4 51. Nd5 Qc1+ 52. Kh2 Qxb2 53. Qg5+ Kh8 54. Qf4 Kh7 55. Qf8 Qd4 56. Ne7 Qe4 57. Qg8+ Kh6 58. Qh8+ Kg5 59. Qg7+ Ng6 60. Nxg6 Qxg6 61. Qe5+ Qf5 62. Qg3+ Kf6 63. Qd6+ Qe6 64. Qf8+ Ke5 65. h4 Qf6 66. Qc5+ Ke4 67. Qb4+ Qd4 68. Qb1+ Kd5 69. Qa2+ Kc5 70. Qxa6 Qxh4+ 71. Kg1 Qe1+ 72. Kh2 Qh4+ 73. Kg1 Qd4+ 74. Kf1 b4 75. Qc8+ Kb5 76. Ke2 b3 77. Qe8+ Kb4 78. Qe7+ Kc3 79. Qa3 Kc2 0-1

[Event "45th FIDE Chess Olympiad Open"]
[Site "Budapest, Hungary"]
[Date "2024.09.13"]
[Round "3.102"]
[White "Kjartansson, Gudmundur"]
[Black "Camacho Campusano, David Daniel"]
[Result "1-0"]
[WhiteElo "2478"]
[BlackElo "2219"]
[PlyCount "117"]
[EventDate "2024.??.??"]
[WhiteTeam "Iceland"]
[BlackTeam "Dominican Republic"]
[WhiteTeamCountry "ISL"]
[BlackTeamCountry "DOM"]
[WhiteClock "0:22:55"]
[BlackClock "0:23:23"]

1. e4 e5 2. Nf3 Nc6 3. Bb5 a6 4. Ba4 d6 5. c3 f5 ({RR} 5... Nge7 6. h3 Bd7 7. O-O Ng6 8. d4 {½-½ (8) Runic,Z (2434)-Sermek,D (2526) Bled 2005}) 6. d4 ({RR} 6. Qe2 Nf6 7. exf5 Be7 8. O-O Bxf5 9. d4 e4 10. Nh4 Bg4 11. f3 exf3 12. Nxf3 O-O 13. Bxc6 bxc6 14. Qc4+ d5 15. Qxc6 Bd7 16. Qb7 Bb5 17. Re1 Ne4 18. Na3 Bxa3 19. bxa3 Qd6 20. a4 Rfb8 {Chor,K (1944)-Kvaloy,A (2443) chess.com INT 2024 0-1 (34)}) 6... Nf6 7. dxe5 Nxe4 8. O-O $146 ({RR} 8. Qd5 Nc5 9. Ng5 Qd7 10. e6 Nxe6 11. O-O Ned8 12. Re1+ Be7 13. Nxh7 b5 14. Bd1 Ne5 15. Bh5+ Ndf7 16. Bxf7+ Nxf7 17. Qxa8 Rxh7 18. Nd2 Kf8 19. Nf3 Bf6 20. Be3 c5 21. Rad1 Qc7 22. Qd5 g5 {Zeitler,H-Herter,E Helmbrechts 1963 0-1 (32)}) ({RR} 8. Nd4 dxe5 9. Nxc6 Qxd1+ 10. Bxd1 bxc6 11. Bf3 Bc5 12. Be3 Bxe3 13. fxe3 O-O 14. Bxe4 fxe4 15. Nd2 Bf5 16. h3 h5 17. O-O-O Rad8 18. Nc4 Rxd1+ 19. Rxd1 Be6 20. Na5 Rf2 21. Rd2 Rf1+ 22. Rd1 Rf2 {Keber,A (1522)-Neuhoff,L (1997) Mureck 2022 ½-½}) 8... b5 9. Bb3 Nxe5 10. Nxe5 dxe5 11. Bf7+ Ke7 12. Bd5 c6 13. Bxc6 Qxd1 14. Rxd1 Ra7 15. Bxe4 fxe4 16. Re1 Bf5 17. Nd2 Rd7 18. Kf1 Ke6 19. Nxe4 b4 20. a3 bxa3 21. b4 a5 22. Bxa3 axb4 23. Bxb4 Bxb4 24. cxb4 Bxe4 25. Rxe4 Kf5 26. f3 Rc8 27. Ra2 Rd1+ 28. Kf2 Rb1 29. g4+ Kf6 30. Ra6+ Kf7 31. Rxe5 Rc7 32. Rb6 h6 33. h4 Rc2+ 34. Kg3 g6 35. g5 Rg1+ 36. Kf4 Rc4+ 37. Re4 hxg5+ 38. hxg5 Rc7 39. b5 Rb1 40. Rf6+ Kg7 41. b6 Rc5 42. Re7+ Kg8 43. Rxg6+ Kf8 44. Rc7 Rb4+ 45. Kg3 Rxb6 46. Rxc5 Rxg6 47. Kg4 Ra6 48. Rc8+ Kg7 49. Rc7+ Kg6 50. f4 Ra4 51. Rc6+ Kg7 52. Re6 Kf7 53. Rb6 Rc4 54. g6+ Kg7 55. Kg5 Rc5+ 56. f5 Ra5 57. Rb7+ Kg8 58. Kh6 Ra8 59. f6 1-0

[Event "45th FIDE Chess Olympiad Open"]
[Site "Budapest, Hungary"]
[Date "2024.09.13"]
[Round "3.103"]
[White "Jimenez Jimenez, Leandro"]
[Black "Heimisson, Hilmir Freyr"]
[Result "0-1"]
[WhiteElo "2188"]
[BlackElo "2391"]
[PlyCount "84"]
[EventDate "2024.??.??"]
[WhiteTeam "Dominican Republic"]
[BlackTeam "Iceland"]
[WhiteTeamCountry "DOM"]
[BlackTeamCountry "ISL"]
[WhiteClock "0:00:40"]
[BlackClock "0:03:50"]

1. d4 {Marchand,A/Primel,D} e6 2. c4 Nf6 3. g3 c5 4. Nf3 cxd4 5. Nxd4 d5 6. Bg2 e5 7. Nf3 ({RR} 7. Nb3 d4 ({RR} 7... dxc4 8. Qxd8+ Kxd8 9. Na5)) ({RR} 7. Nc2 d4 8. f4 Nc6 9. Bxc6+ bxc6 10. fxe5 Qa5+ 11. Qd2 Qxe5 12. Qxd4 Qh5 13. Qe3+ Be6 14. b3 Bd6 15. Ba3 Be5 ({RR} 15... Bxa3 16. Nbxa3 O-O 17. O-O-O a5)) 7... d4 8. O-O Nc6 9. e3 Be7 ({RR} 9... Bc5 10. exd4 exd4 11. Re1+) 10. exd4 exd4 11. b3 ({RR} 11. a3 a5 ({RR} 11... Be6 12. b3 Qd7) 12. Re1 ({RR} 12. Nbd2 Be6 13. b3 O-O 14. Bb2 Qd7 15. Re1 Rad8 16. Ng5 Bg4 17. Bf3 Bf5 18. Bg2 d3 19. Bxc6 bxc6 20. Ngf3 Bc5 21. Ne5 Qc8 22. Qf3 Ng4 23. Nxg4 Bxg4 24. Qf4 f6 25. Bc3 g5 26. Qe4 Rfe8) ({RR} 12. b3 O-O 13. Bb2) 12... O-O 13. Bf4 ({RR} 13. b3 Re8) 13... Qb6 ({RR} 13... Bg4) ({RR} 13... Re8 14. Nbd2 Qb6) 14. Nbd2 Be6 ({RR} 14... Qxb2 15. Ne5 Nxe5 16. Bxe5 Rd8 ({RR} 16... Bg4) 17. Ne4 Nxe4 18. Bxe4) ({RR} 14... Bg4 15. h3) ({RR} 14... d3 15. Qb3 ({RR} 15. Qc1 Bc5) ({RR} 15. Ne5 Nxe5 16. Rxe5 Bc5 17. Ne4 Nxe4 18. Bxe4 Bxf2+ 19. Kg2 Qxb2 20. Rb1 Qa2 21. Qb3 Qxb3 22. Rxb3 Bd4 23. Rd5 Bf6 24. Rdxd3 Re8 ({RR} 24... a4 25. Rb4) 25. Bxb7 Bxb7+ 26. Rxb7 Re2+ 27. Kh3 g5) 15... Qxb3 16. Nxb3 a4 17. Nbd4 Nxd4 18. Nxd4 Bc5 19. Nb5 Ng4 20. Rf1 Re8 21. Nc7 Re2 22. Nxa8 Nxf2 23. Rfe1 Nh3+ 24. Kh1 Nf2+ 25. Kg1 Nh3+) 15. Ng5 Bg4 16. Qb3 Qa7 17. h3 ({RR} 17. Nge4 a4 18. Nxf6+ Bxf6 19. Qd3 Rfe8 20. Ne4) 17... Bh5 18. Bc7 ({RR} 18. Nge4 Nxe4 19. Nxe4 Bg6 ({RR} 19... Rfe8 20. c5 h6 ({RR} 20... Bxc5 21. Nxc5 Qxc5 22. Qxb7) 21. Nd6) 20. Nd6) 18... Rae8 ({RR} 18... a4 19. Qb5 ({RR} 19. Qd3 Bg6) ({RR} 19. Qc2 Bg6) 19... d3 ({RR} 19... Rfe8 20. Bb6 ({RR} 20. Bxc6 bxc6 21. Qxc6 Rac8) 20... Qa6 21. Qxa6 Rxa6 22. Bxc6 bxc6 23. Bxd4) 20. Bb6 Qa6) ({RR} 18... Rfe8) 19. Nge4 Nxe4 20. Nxe4 Bg6 21. Nd6 Bxd6 22. Bxd6 Rxe1+ 23. Rxe1 Rc8 24. c5 h6 25. Qc4 Qa8 {Fridman,D (2661)-Vocaturo,D (2564) Aix les Bains 2011 CBM 142 Extra [Marchand,A/Primel,D] 1-0 (41)}) ({RR} 11. Bf4) 11... Bg4 $146 ({RR} 11... O-O 12. Bb2 Bc5 13. Ne1 Bg4 14. Qd2 Re8 15. Nd3 Re2 16. Qc1 Bb6 17. Nd2 Ba5 18. Rd1 Qd7 19. a3 Bc7 20. Nf3 Bh3 21. Bh1 Bf5 22. Rd2 Rae8 23. b4 Ng4 24. Qc2 Nce5 25. Nfxe5 Nxe5 26. Rxe2 {Kottnauer,C-Gligoric,S Moscow 1947 0-1 (33)}) ({RR} 11... O-O 12. Bb2 Bc5 13. a3 a5 14. b4 Qb6 15. b5 a4 16. Nbd2 Ne7 17. Ng5 Bg4 18. Bf3 Bxf3 19. Qxf3 Ng6 20. Rae1 Rae8 21. Rxe8 Rxe8 22. Nde4 h6 23. Nxf6+ Qxf6 24. Qxf6 gxf6 25. Nf3 Ne5 26. Kg2 {Mayrhuber,N (2009)-Zhukenov,A (2214) Paracin SRB 2024 0-1 (41)}) ({RR} 11... O-O 12. Bb2 d3 13. Nc3 h6 14. Re1 Bf5 15. Ne5 Nxe5 16. Rxe5 Bg6 17. Nd5 Nxd5 18. Rxd5 Qc8 19. Qd2 Rd8 20. Re1 Bf8 21. Rxd8 Qxd8 22. Bxb7 Rb8 23. Bd5 a5 24. Bc3 Bb4 25. Bxb4 axb4 26. Re3 {Jimenez Jimenez,L (2151)-Makridis,D (2356) chess.com INT 2023 ½-½ (93)}) ({RR} 11... O-O 12. Bb2 Bc5 13. a3 a5 14. h3 Re8 15. Qd3 Be6 16. Ng5 Ne5 17. Qd1 Bf5 18. Nd2 Nd3 19. Bc1 h6 20. Ngf3 Qd7 21. Kh2 Nxc1 22. Qxc1 Re2 23. Ng1 Re7 24. b4 axb4 25. Nb3 Qd6 26. axb4 {Hagenstein,F (2194)-Westphal,B (2143) Germany 2005 ½-½ (46)}) ({RR} 11... O-O 12. Bb2 Bc5 13. a3 a5 14. Nbd2 Bf5 15. Ne1 Re8 16. Ndf3 Qd6 17. Nd3 Rad8 18. Re1 Rxe1+ 19. Nfxe1 Ne4 20. Qf3 Bg6 21. Nxc5 Nxc5 22. b4 axb4 23. axb4 Nxb4 24. Qg4 d3 25. Rd1 Nb3 26. Bxb7 {Stein,M (2105)-Meier,G (2372) Bad Zwesten 2005 0-1}) 12. h3 Bh5 13. Bb2 Qb6 14. g4 Bg6 15. Bxd4 Nxd4 16. Qxd4 Qxd4 17. Nxd4 O-O-O 18. Nf5 Bxf5 19. gxf5 Rd3 20. Rc1 Bc5 21. a4 Rhd8 22. Bf1 Rxb3 23. Ra2 Ne4 24. Bg2 Nxf2 25. Kh2 Bd6+ 26. Kg1 Nd3 27. Rf1 Nf4 28. Nd2 Re3 29. Ne4 Bc7 30. Bf3 Nxh3+ 31. Kh1 Rd4 32. Nc5 b6 33. Ne4 Rdxe4 34. Bxe4 Rxe4 35. Rg2 Be5 36. Rc2 Ng5 37. Kg2 Rg4+ 38. Kf2 h5 39. Re2 f6 40. a5 bxa5 41. Rc1 h4 42. c5 h3 0-1